000 00712nam a2200265Ia 4500
005 20211028112146.0
008 131103s9999 xx 000 0 und d
020 _a81-7133-451-2
_cRs.105
040 _aLoreto College
041 _aEnglish
082 _a320.01(W)
_bSIN
100 _aSingh, Sukhbir
245 _aHistory of political thought
_cSukhbir Singh
250 _a4th ed.
260 _aMeerut
_bRastogi Publications
_c1999
300 _a2v.
504 _aIncludes bibliographical references
630 _aPolitical Science
630 _aPolitical Thought
630 _aPolitics
650 _aWestern - Political Thought
651 _aPlato,Burke,Bentham
850 _aLCLIB
942 _cBK
999 _c178
_d50657